Evaluaciones del desempeño ambiental : (Registro nro. 7966)

Detalles MARC
000 -LEADER
fixed length control field 00976nam a2200229Ia 4500
003 - CONTROL NUMBER IDENTIFIER
control field OSt
005 - DATE AND TIME OF LATEST TRANSACTION
control field 20210603153634.0
008 - FIXED-LENGTH DATA ELEMENTS--GENERAL INFORMATION
fixed length control field 210310s2014 cl adb gr 000 0 spa d
020 ## - INTERNATIONAL STANDARD BOOK NUMBER
International Standard Book Number 9789264208285
040 ## - CATALOGING SOURCE
Original cataloging agency CO-JMCR
Transcribing agency CO-JMCR
041 0# - LANGUAGE CODE
Language code of text/sound track or separate title spa
082 04 - DEWEY DECIMAL CLASSIFICATION NUMBER
Classification number 333.71409861 /
Item number C733e
Edition number 23
110 2# - MAIN ENTRY--CORPORATE NAME
Corporate name or jurisdiction name as entry element Comisión Económica para América Latina y el Caribe
9 (RLIN) 3019
245 10 - TITLE STATEMENT
Title Evaluaciones del desempeño ambiental :
Remainder of title Colombia 2014 /
Statement of responsibility, etc. Comisión Económica para América Latina y el Caribe
260 ## - PUBLICATION, DISTRIBUTION, ETC.
Place of publication, distribution, etc. [Santiago de Chile] :
Name of publisher, distributor, etc. Naciones Unidas : Cepal,
Date of publication, distribution, etc. 2014
300 ## - PHYSICAL DESCRIPTION
Extent 255 páginas :
Other physical details ilustraciones, gráficas y mapas a color ;
Dimensions 28 cm.
504 ## - BIBLIOGRAPHY, ETC. NOTE
Bibliography, etc. note Incluye bibliografía al final de cada capítulo.
505 0# - FORMATTED CONTENTS NOTE
Formatted contents note El progreso hacia el desarrollo sostenible -- Avances hacia el logro de metas ambientales seleccionadas
650 14 - SUBJECT ADDED ENTRY--TOPICAL TERM
Topical term or geographic name entry element Evaluación ambiental
9 (RLIN) 15950
Chronological subdivision Siglo XXI
Geographic subdivision Colombia
651 24 - SUBJECT ADDED ENTRY--GEOGRAPHIC NAME
Source of heading or term Calidad ambiental
Chronological subdivision Siglo XXI
Geographic subdivision Colombia
9 (RLIN) 38116
942 ## - ADDED ENTRY ELEMENTS (KOHA)
Source of classification or shelving scheme Dewey Decimal Classification
Koha item type Books
Existencias
Withdrawn status Lost status Source of classification or shelving scheme Damaged status Not for loan Collection code Home library Current library Date acquired Source of acquisition Full call number Barcode Date last seen Copy number Koha item type
    Dewey Decimal Classification     Non-fiction Biblioteca Pública José María del Castillo y Rada Biblioteca Pública José María del Castillo y Rada 04/15/2018 Donación 333.71409861 / C733e 430003603 05/16/2024 Ej.1 Books